000 00710nam a2200289Ia 4500
005 20260324123352.0
008 008 260324s9999 xx 000 0 eng d
020 _a9781315606965
037 _aEBOOK
040 _aCRL
040 _beng
040 _cCRL
041 _2eng
041 _aeng
084 _qCRL
100 _aRobin Jarvis
_91170045
245 0 _aRomantic Readers and Transatlantic Travel
245 0 _bExpeditions and Tours in North America, 1760–1840
260 _bTaylor and Francis
260 _c2012
365 _a
365 _b240
856 _uhttp://www.taylorfrancis.com/books/9781315606965
942 _cEBOOK
999 _c1763508
_d1763508